书目信息 |
| 题名: |
蒋介石的香港梦 1942-1945
|
|
| 作者: | 窦应泰 著 | |
| 分册: | ||
| 出版信息: | 郑州 河南文艺出版社 1997.01 |
|
| 页数: | 501页 | |
| 开本: | 20cm | |
| 丛书名: | ||
| 单 册: | ||
| 中图分类: | K827.6 | |
| 科图分类: | ||
| 主题词: | 人物--传记--中国 | |
| 电子资源: | ||
| ISBN: | 7-80623-029-7 | |
| 000 | 00586nam0 2200193 45 | |
| 001 | 0135284497 | |
| 005 | 20080402102404.59 | |
| 010 | @a7-80623-029-7@b压膜@dRMB 26.60 | |
| 100 | @a20011212d1997 km y0chiy0120 ea | |
| 101 | 0 | @achi |
| 102 | @aCN@b410000 | |
| 200 | 1 | @a蒋介石的香港梦 1942-1945@AJiang Jie Shi De Xiang Gang Meng 1942-1945@f窦应泰著@FDou Ying Tai Zhu |
| 210 | @a郑州@c河南文艺出版社@d1997.01 | |
| 215 | @a501页@d20cm | |
| 606 | 0 | @a人物@x传记@x中国 |
| 690 | @aK827.6@v3 | |
| 701 | 0 | @a窦应泰@ADou Ying Tai@4著 |
| 801 | 0 | @aCN@bPFT@c20080402 |
| 905 | @a安徽大学@dK827.6@eD825 | |
| 蒋介石的香港梦 1942-1945/窦应泰著.-郑州:河南文艺出版社,1997.01 |
| 501页;20cm |
| ISBN 7-80623-029-7(压膜):RMB 26.60 |
| ● |
| 相关链接 |
|
|
|
正题名:蒋介石的香港梦 1942-1945
索取号:K827.6/D825
 
预约/预借
| 序号 | 登录号 | 条形码 | 馆藏地/架位号 | 状态 | 备注 |
| 1 | 203995 | 202039953 | 社科库309/309社科库 59排4列5层/ [索取号:K827.6/D825] | 在馆 | |
| 2 | 203996 | 202039962 | 社科库309/309社科库 59排4列5层/ [索取号:K827.6/D825] | 在馆 | |
| 3 | 451316 | 204513160 | 社科库309/309社科库 59排4列6层/ [索取号:K827.6/D825] | 在馆 |